00197nam a2200085Ia 4500008004100000100001700041245002900058260001500087300000900102190216s9999||||xx |||||||||||||| ||und|| aMercy Anselm 0aOrganisational Behaviour bNullc1985 a212p